| 000 | 01106nam0a22002531 4500 | ||
|---|---|---|---|
| 001 | rc\2611159 | ||
| 005 | 20230428133654.0 | ||
| 035 | _a(NLR Aleph) 006775028 | ||
| 090 |
_a5984618 _c5984618 |
||
| 100 | _a20110914d1930 |||y0rusy50 ca | ||
| 101 | 0 | _arus | |
| 102 | _aRU | ||
| 105 | _aa z ||||| | ||
| 200 | 1 |
_aРеконструкция сельского хозяйства и задачи опытного дела _fВ. П. Гепферт |
|
| 210 |
_aЛенинград _cЛенингр. обл. с.-х. опытная станция _d1930 _gтип. Гос. гидрологич. ин-та |
||
| 215 |
_a117, [1] с., [4] с. объявл., 1 вкл. л. схем. _d21х14 см. |
||
| 225 | 1 |
_aР.С.Ф.С.Р. Народный комитет земледелия. Ленинградская областная сельскохозяйственная опытная станция _v[13] |
|
| 700 | 1 |
_aГепферт _bВ. П. _gВладимир Павлович |
|
| 801 | 0 |
_aRU _bNLR _gpsbo |
|
| 801 | 1 |
_aRU _bELAR _2rusmarc |
|
| 852 |
_aNLR _jП13/317 |
||
| 942 | _cBOOK | ||
| 980 | _aNB | ||